00701cam a22002297a 4500003000500000005001700005008004100022010001000063011001000073035001000083040000900093110005200102245011200154260002700266300001900293490003800312650001800350650002500368700002300393700001700416830003800433CHAP20220329142055.0990526d1993 th rn 00110 eng d a77985 a78957 a89073 cCHAP2 aFAO. Oficina Regional para Asia y el Pacífico10aStrategies for increasing maize production in the Asia-Pacific regionc/by Carlos de León and R.S. Paroda aBangkok :bFAO,c1993. a25 p. :bilus. 0aFAO. RAPA. publicationv; 1993/2514aMaízxAsia.14aMaízxRendimiento.0 aLeón, Carlos de.0 aParoda, R.S. 0aFAO. RAPA. publicationv; 1993/25